Cedar Rapids Quiz - Statistics

General Stats
  • This quiz has been taken 11 times
  • The average score is 5 of 10
Answer Stats
Question Answer % Correct
What state is Cedar Rapids in? Iowa
100%
Who's chillin' in Cedar Rapids? Hillary Clinton
78%
What river does Cedar Rapids lie on? Cedar River
67%
What fruit does Cedar Rapids most famously process? Corn
67%
What neighborhood is mostly dominated by the Czech? Czech Village
67%
In what year did the river rise over 31 feet and flood some of the city? 2008
56%
What's the nickname for it? City of Five Seasons
56%
What is the IATA code for Cedar Rapids airport? CID
22%
What year was Cedar Rapids incorporated as a city? 1849
11%
Who popularized the "I'm just chillin' in Cedar Rapids" meme? Quackity
0%
No matching quizzes found
Score Distribution
Percent of People with Each Score
Percentile by Number Answered
Your Score History
You have not taken this quiz